| 000 | 00426nam a22001697a 4500 | ||
|---|---|---|---|
| 003 | Ost | ||
| 005 | 20220913100907.0 | ||
| 008 | 220913b |||||||| |||| 00| 0 eng d | ||
| 020 | _a9788173715433 | ||
| 040 | _cBT-PhCST | ||
| 050 | _a24439 | ||
| 082 |
_222 _a620.1 _bRAO |
||
| 100 |
_aRao, Seshagiri V M. _dDurgaiah, Rama D. |
||
| 245 | _aEngineering mechanics / | ||
| 300 |
_axi, 348 p. : _bill. ; _c24 cm. |
||
| 942 |
_2ddc _cCIVIL |
||
| 999 |
_c9028 _d9028 |
||